00602nam a2200241Ia 4500008004100000020001500041050001100056050001400067100002500081245003000106245005700136260001800193260001100211260000900222300001600231300002000247300001000267650001700277650001300294650001200307650003000319700001100349171120s9999 xx 000 0 und d a9712707776 a920.72 bH632 1998 aHidalgo, Cristina P. aShaking the family tree / cby Cristina P. Hidalgo and Alessandra G.L. Gonzales. aPhilippines : bAnvil, c1998 a135 pages : billustrations ; c22cm. aPhilippines. aWomen -- aWomen.  xPhilippines -- Biography. aTitle.